00496 a2200169 450000100060000002000060000604000240001210000200003624000500005624500450010630000070015136200090015865000310016794200070019895201040020599900170030970972 a  cAnchieta - Itaigara aBarros, Fabiana10aFarfalinha, a menina que colhia sorrisoslpor10aFarfalinha, a menina que colhia sorrisos a260 a2014 4aLiteratura infanto-juvenil cBK 00104070a88.1b88.1d2023-11-21l0o028.5 BAR FARp4925/ITAr2023-11-21 20:06:13w2023-11-21yBK c70972d70972